01561nam a2200337 c 450000100060000000300100000600500170001600700030003300800410003602000180007704000350009504100080013008200180013810000480015624500750020425000450027926400550032430000180037933600270039733700330042433800280045749000350048550001080052050400410062850503400066952100410100954500660105065000410111665000330115765000330119059095CO-BoRNBP20250909161224.0ta221026r20152017ck e 000 0dspa d a9789588926056 aCO-BoRNBPbspaerdacCO-BoRNBP0 aspa04a370bM24e222 aMejía Jiménez, Marco Raúld1952-eaut10aEducación popular en el siglo XXI /cMarco Raúl Mejía Jiménez. aPrimera ediciónbPrimera reimpresión 1aBogotá, Colombia :bEdiciones desde Abajo,c2017 a105 páginas atextobtxt2rdacontent asin mediaciónbn2rdamedia avolumenbnc2rdacarrier0 aColección Primeros pasosv13 aEl material correspondiente a la dotación PNLB 2022, corresponden a la primera reimpresión de 2017 aIncluye referencias bibliográficas0 a1. Educación popular, acumulado hecho movimiento y propuesta político-pedagógica -- 2. El sur, una apuesta contextual, epistémica y política -- 3. El sur organiza nuevos escenarios -- 4. ámbitos de reelaboración de las pedagogías de la educación popular -- 5. La educación popular, construcción colectiva en marca aRecomendado para un público adulto aIncluye datos biográficos del autor en la contra carátula07aEducación popularySiglo XXI2lemb07aModelos de enseñanza2lemb07aPedagogíaySiglo XXI2lemb